Merci dans 15 langues - Statistiques

Statistiques générales
  • Ce quiz a été pris 1 116 fois
  • Le résultat moyen est 12 sur 15
Statistiques - réponses
Hint Réponse % Correct
Merci Français
97%
Danke Allemand
95%
Thank you Anglais
95%
Gracias Espagnol
95%
Grazie Italien
90%
شكرًا Arabe
89%
Obrigado Portugais
83%
감사해요 (gamsahaeyo) Coréen
81%
ขอบคุณ (K̄hxbkhuṇ) Thaï
81%
TEŞEKKÜRLER Turc
77%
謝謝 Chinois
76%
Dankjewel Néerlandais
67%
ありがとう Japonais
64%
Takk Norvégien
52%
Tak Danois
42%
Aucun quiz correspondant
Distribution des résultats
% des personnes avec chaque résultat
Percentile par nombre de réponses
Votre historique - résultats
Vous n’avez pas pris ce quiz